000 00560nam a22002057a 4500
001 00028786
005 20260415102852.0
008 260415b ag ||||| |||| 00| 0 spa d
020 _a846714193
040 _aAR-CcCEOS
_bspa
_cAR-CcCEOS
041 _aspa
080 _a820-3(73)
090 _bBRO
100 1 _aBroadrick, Annette
_91056
245 _aDestinados a amarse /
_cAnnette Broadrick
264 _aMadrid :
_bHarlequín Ibérica,
_cc2000.
300 _a315 p. ;
_c19x12 cm.
655 0 _aliteratura inglesa
_vnovela
_9904
942 _2udc
_cBK
_n0
999 _c28821
_d28821